| 000 | 00427nam a2200157Ia 4500 | ||
|---|---|---|---|
| 008 | 240126s9999 xx 000 0 und d | ||
| 022 | _a0973-8703 | ||
| 041 | _aEnglish | ||
| 082 | _aLIBRARY-VII | ||
| 245 | 0 | _aIndian Journal of Marketing (1999 - | |
| 260 |
_bIndian Journal of Marketing _aNew Delhi |
||
| 440 | _aNULL | ||
| 650 | _aManagement,Marketing | ||
| 650 | _aMarketing,(1999,-,Management,Marketing | ||
| 942 | _cJN | ||
| 999 |
_c277318 _d277318 |
||